[Event "7th C. Schlechter Memorial"]
[Site "Vienna, AUSTRIA"]
[Date "1996.11.01"]
[Round "7"]
[White "Holzer, G."]
[Black "Zoebisch, H."]
[Result "0-1"]
[WhiteElo "2230"]
[BlackElo "2245"]
[PlyCount "76"]

1. Nc3 d5 2. e4 d4 3. Nce2 e5 4. Nf3 Bd6 5. Ng3 Nf6 6. Bc4 O-O 7. d3 h6 8. O-O
c5 9. Nh4 Re8 10. Ngf5 Bf8 11. Qf3 Be6 12. Bxe6 Rxe6 13. Qg3 Kh7 14. Nf3 Nbd7
15. Qh3 Kg8 16. Kh1 Nh7 17. Qg3 Kh8 18. h4 Rc8 19. Qh3 Kg8 20. Rg1 c4 21. g4
cxd3 22. cxd3 Rc2 23. Ne1 Rc8 24. Bd2 Rec6 25. Rg2 Qb6 26. b4 a5 27. a3 Ra8 28.
g5 h5 29. Nxg7 Bxg7 30. Qxd7 Nf8 31. Qf5 Ng6 32. Rh2 axb4 33. Bxb4 {} 33...
Qxb4 34. axb4 Rxa1 35. Kg2 Nf4+ 36. Kf3 Rxe1 37. g6 Rxg6 38. b5 Rd1 0-1

[Event "7th C. Schlechter Memorial"]
[Site "Vienna, AUSTRIA"]
[Date "1996.11.01"]
[Round "7"]
[White "Kummer, H."]
[Black "Weissel, G."]
[Result "1-0"]
[WhiteElo "2300"]
[BlackElo "2095"]
[PlyCount "72"]

1. d4 d5 2. c4 c6 3. Nf3 Nf6 4. Nc3 dxc4 5. a4 Bf5 6. Ne5 e6 7. f3 Bb4 8. e4
Bxe4 9. fxe4 Nxe4 10. Bd2 Qxd4 11. Nxe4 Qxe4+ 12. Qe2 Bxd2+ 13. Kxd2 Qd5+ 14.
Kc3 Na6 15. Nxc4 O-O 16. Qe5 Rac8 17. Be2 Qxg2 18. Rhg1 Qh3+ 19. Rg3 Qh6 20.
Rag1 g6 21. Nd6 Rcd8 22. Ne4 Qg7 23. Nf6+ Kh8 24. Rh3 Rd5 25. Rxh7+ Qxh7 26.
Nxd5+ Qg7 27. Nf6 Nc7 28. Bc4 Ne8 29. Rf1 Nxf6 30. Rxf6 Kg8 31. Kb3 a5 32. Qg5
Re8 33. Bd3 Kh7 34. Ka2 e5 35. Be4 Re7 36. Rd6 f6 1-0

[Event "7th C. Schlechter Memorial"]
[Site "Vienna, AUSTRIA"]
[Date "1996.11.01"]
[Round "7"]
[White "Vodep, O."]
[Black "Kuthan, A."]
[Result "1/2-1/2"]
[WhiteElo "2205"]
[BlackElo "2225"]
[PlyCount "68"]

1. e4 c5 2. g3 d5 3. exd5 Qxd5 4. Nf3 Bg4 5. Bg2 Qe6+ 6. Kf1 Nc6 7. h3 Bh5 8.
d3 Qd7 9. Na3 e6 10. Bf4 f6 11. Nc4 Bf7 12. Qe2 e5 13. Re1 Bd6 {} 14. Bxe5
fxe5 15. Nfxe5 Nxe5 16. Nxe5 Qe7 17. Nxf7 Qxe2+ 18. Rxe2+ Kxf7 19. Bxb7 Re8 20.
Rxe8 Kxe8 21. Kg2 Kd7 22. Re1 Ne7 23. Be4 Rb8 24. b3 h6 25. f4 a5 26. a4 Nc6
27. Bxc6+ Kxc6 28. Kf3 Kd5 29. Re4 Rb7 30. Kg4 Rf7 31. h4 g6 32. h5 Rg7 33.
hxg6 Rxg6+ 34. Kf3 h5 1/2-1/2

[Event "7th C. Schlechter Memorial"]
[Site "Vienna, AUSTRIA"]
[Date "1996.11.01"]
[Round "7"]
[White "Zetthofer, G."]
[Black "Todor, R."]
[Result "1-0"]
[WhiteElo "2215"]
[BlackElo "2120"]
[PlyCount "49"]

1. f4 d5 2. Nf3 g6 3. e3 Bg7 4. d4 c5 5. c3 cxd4 6. exd4 Nf6 7. Bd3 Nc6 8. Qe2
a6 9. O-O Bg4 10. h3 Bxf3 11. Rxf3 Qd6 12. f5 Nh5 13. Qf2 O-O-O 14. g4 Nf6 15.
Bf4 Qd7 16. Nd2 gxf5 17. Bxf5 e6 18. Bd3 Rdf8 19. b4 h5 20. g5 Ne8 21. Nb3 f6
22. Nc5 Qe7 23. Re1 fxg5 24. Rxe6 Qd8 {} 25. Rxc6+ 1-0

[Event "7th C. Schlechter Memorial"]
[Site "Vienna, AUSTRIA"]
[Date "1996.11.01"]
[Round "7"]
[White "Hansen, K."]
[Black "Prager, M."]
[Result "0-1"]
[WhiteElo "2070"]
[BlackElo "2165"]
[PlyCount "96"]

1. d4 Nf6 2. c4 e6 3. Nf3 d5 4. Nc3 Be7 5. e3 O-O 6. Bd2 Nbd7 7. Rc1 c6 8. Bd3
b6 9. O-O Bb7 10. cxd5 exd5 11. Ne5 Bd6 12. f4 Qe7 13. Rf3 Rfe8 14. Rh3 Nf8 15.
g4 N6d7 16. g5 g6 17. Qg4 Nb8 18. Qg2 Nbd7 19. Rf1 b5 20. Nxd7 Qxd7 21. f5 Bc8
22. Qg4 a5 23. Qh4 Ra7 24. Qh6 f6 25. gxf6 Qf7 26. Rhf3 gxf5 27. Bxf5 Bxf5 28.
Rxf5 Ne6 29. e4 Bf8 30. Qh4 dxe4 31. Nxe4 Kh8 32. Re5 Rd7 33. Be3 Bb4 34. Kh1
Rg8 35. Qh3 Re8 36. a3 Bf8 37. Rc1 Bd6 38. Rh5 {} 38... Nf4 39. Nxd6 Rxd6 40.
Bxf4 Rxd4 41. Qf5 Rd5 {} 42. Bd2 Rxf5 43. Rxf5 Re2 44. Bc3 c5 45. Rcf1 b4 46.
axb4 axb4 47. Be5 Qd5+ 48. R1f3 Rxe5 0-1

[Event "7th C. Schlechter Memorial"]
[Site "Vienna, AUSTRIA"]
[Date "1996.11.01"]
[Round "7"]
[White "Stanka, W."]
[Black "Havlicek, J."]
[Result "1/2-1/2"]
[WhiteElo "2220"]
[BlackElo "2245"]
[PlyCount "78"]

1. e4 e6 2. d4 d5 3. exd5 exd5 4. Nf3 Bd6 5. c4 c6 6. cxd5 cxd5 7. Nc3 Ne7 8.
Bb5+ Bd7 9. Bxd7+ Nxd7 10. O-O O-O 11. Bg5 f6 12. Bh4 Re8 13. Bg3 Bxg3 14. hxg3
Nb6 15. Re1 Nc6 16. Rxe8+ Qxe8 17. Qb3 Rd8 18. Re1 Qd7 19. Qb5 g5 20. Qd3 Re8
21. Rxe8+ Qxe8 22. Qf5 Qf7 23. a3 Ne7 24. Qd3 Qe6 25. Kf1 Nc4 26. Nd2 Nxb2 27.
Qb5 Qa6 28. Qxa6 bxa6 29. Ke2 Kf7 30. a4 Ke6 31. Nb3 Nc6 32. Ke3 Nc4+ 33. Kd3
Nb4+ 34. Ke2 h5 35. Nc5+ Kd6 36. Nb3 Kc6 37. Nc5 Kd6 38. Nb3 Kc6 39. Nc5 Kd6
1/2-1/2

[Event "7th C. Schlechter Memorial"]
[Site "Vienna, AUSTRIA"]
[Date "1996.11.01"]
[Round "7"]
[White "Hangweyrer, R."]
[Black "Koller, H."]
[Result "1-0"]
[WhiteElo "2205"]
[BlackElo "2205"]
[PlyCount "77"]

1. c4 g6 2. Nc3 Nf6 3. g3 Bg7 4. Bg2 O-O 5. d4 c5 6. Nf3 cxd4 7. Nxd4 Nc6 8.
O-O d6 9. Nxc6 bxc6 10. Bxc6 Rb8 11. Bg2 Qa5 12. Qc2 Be6 13. Bd2 Bxc4 14. Nd5
Qb5 15. Nxe7+ Kh8 16. Nc6 Rb6 17. Nxa7 Qa6 18. Be3 Bxe2 19. Bxb6 Bxf1 20. Bxf1
Qxb6 21. Nb5 Ng4 22. a4 Ne5 23. Bg2 h5 24. Rd1 Rd8 25. b3 Kh7 26. Rd5 Ng4 27.
Rxh5+ Bh6 28. Rh4 Rc8 29. Qb2 f5 30. h3 g5 31. Rxg4 fxg4 32. Be4+ Kg8 33. Bd5+
Kh7 34. hxg4 Rf8 35. Nd4 Bg7 36. Qc2+ Kh8 37. Ne6 Rf6 38. Nxg5 Rg6 39. Qc8+ 1-0

[Event "7th C. Schlechter Memorial"]
[Site "Vienna, AUSTRIA"]
[Date "1996.11.02"]
[Round "8"]
[White "Schroll, G."]
[Black "Balinov, I."]
[Result "1/2-1/2"]
[WhiteElo "2380"]
[BlackElo "2385"]
[PlyCount "49"]

1. c4 e5 2. Nc3 Nf6 3. Nf3 Nc6 4. d3 Be7 5. a3 d5 6. cxd5 Nxd5 7. e3 Be6 8. Bd2
a5 9. Nxd5 Qxd5 10. Bc3 O-O 11. Be2 Rfd8 12. O-O a4 13. Qc2 Bf6 14. Rac1 Na5
15. d4 Nb3 {} 16. dxe5 Nxc1 17. Rxc1 Be7 18. Nd4 Qxe5 19. Nc6 Qg5 20. Nxd8
Bxd8 21. Qe4 Qd5 22. Qd4 Qg5 23. Qe4 Qd5 24. Qd4 Qg5 25. Qe4 1/2-1/2

[Event "7th C. Schlechter Memorial"]
[Site "Vienna, AUSTRIA"]
[Date "1996.11.02"]
[Round "8"]
[White "Popovic, P."]
[Black "Lau, R."]
[Result "1-0"]
[WhiteElo "2575"]
[BlackElo "2510"]
[PlyCount "133"]

1. e4 d6 2. d4 g6 3. Nf3 Nf6 4. Bd3 Bg7 5. O-O O-O 6. c3 Nc6 7. Re1 e5 8. h3
Re8 9. Nbd2 Nh5 10. Nb3 h6 11. Bb5 Bd7 12. Bxc6 Bxc6 13. Na5 exd4 14. Nxc6 bxc6
15. cxd4 Nf6 16. Qc2 Re6 17. Bd2 Rb8 18. b3 c5 19. Rac1 Qe8 20. e5 Nd7 21. Ba5
Rc8 22. exd6 cxd6 23. Qc4 Nf8 24. Bd2 Rxe1+ 25. Rxe1 Qd7 26. dxc5 Rxc5 27. Qd3
Qc6 28. Be3 Rc3 29. Nd4 Qc8 30. Qe4 a6 31. Rd1 Nd7 32. Nf3 Bf8 33. Qh4 g5 34.
Qe4 Nc5 35. Qd5 Ne6 36. Nd4 Nxd4 37. Qxd4 Rc2 38. a4 Qb7 39. Qf6 Qe7 40. Qf5
Rb2 41. Qd3 Qb7 42. Rb1 Rxb1+ 43. Qxb1 d5 44. Qd3 Qc6 45. Qd4 f6 46. g4 Bd6 47.
Qb6 Qxb6 48. Bxb6 Kf7 49. Kf1 Ke6 50. Ke2 Kd7 51. Kd3 Kc6 52. Bd8 Be5 53. Be7
Kb6 54. Bf8 Ka5 55. f3 Ba1 56. Kc2 Be5 57. Bxh6 Bd6 58. Bg7 Be5 59. Bf8 Kb6 60.
Kd3 Kc6 61. Bb4 Bc7 62. Be1 Be5 63. Bf2 Kd6 64. b4 Kc6 65. h4 gxh4 66. Bxh4 Ba1
67. f4 1-0

[Event "7th C. Schlechter Memorial"]
[Site "Vienna, AUSTRIA"]
[Date "1996.11.02"]
[Round "8"]
[White "Kindermann, S."]
[Black "Weinzettl, E."]
[Result "1-0"]
[WhiteElo "2530"]
[BlackElo "2365"]
[PlyCount "53"]

1. e4 e6 2. d4 d5 3. Nc3 Nf6 4. Bg5 Be7 5. e5 Nfd7 6. Bxe7 Qxe7 7. f4 O-O 8.
Nf3 c5 9. dxc5 Nc6 10. Qd2 f6 11. exf6 Qxf6 12. g3 Nxc5 13. O-O-O Bd7 14. Qe3
b6 15. Bb5 Rac8 16. Rhe1 a6 17. Bf1 Be8 18. Bh3 Bh5 19. g4 Bg6 20. f5 d4 21.
Nxd4 Nxd4 22. Rxd4 exf5 23. Nd5 Qf7 24. gxf5 Rfe8 {} 25. fxg6 Qxg6 26. Bxc8
Rxe3 27. Rxe3 1-0

[Event "7th C. Schlechter Memorial"]
[Site "Vienna, AUSTRIA"]
[Date "1996.11.02"]
[Round "8"]
[White "Stanec, N."]
[Black "Alvir, A."]
[Result "1/2-1/2"]
[WhiteElo "2505"]
[BlackElo "2355"]
[PlyCount "55"]

1. e4 e5 2. Nf3 Nf6 3. d4 Nxe4 4. Bd3 d5 5. Nxe5 Bd6 6. Nd2 Bxe5 7. dxe5 Nc5 8.
Nf3 Bg4 9. Be2 Nc6 10. Bf4 Qd7 11. O-O O-O 12. h3 Bf5 13. c3 Rfe8 14. Re1 h6
15. Bf1 Rad8 16. Nd4 a6 17. Bh2 Bg6 18. Qg4 Qxg4 19. hxg4 Bd3 20. Nxc6 bxc6 21.
Rad1 Bxf1 22. Kxf1 Rb8 23. Rd2 a5 24. f3 Na4 25. Ree2 Nb6 26. b3 a4 27. Rb2
axb3 28. axb3 1/2-1/2

[Event "7th C. Schlechter Memorial"]
[Site "Vienna, AUSTRIA"]
[Date "1996.11.02"]
[Round "8"]
[White "Rotshtein, A."]
[Black "Penz, H."]
[Result "1/2-1/2"]
[WhiteElo "2475"]
[BlackElo "2340"]
[PlyCount "119"]

1. d4 Nf6 2. Nf3 c5 3. d5 b5 4. Bg5 Qb6 5. Bxf6 Qxf6 6. e4 Qxb2 7. Nbd2 g6 8.
Rb1 Qxa2 9. Rxb5 Bg7 10. Bc4 Qa4 11. O-O O-O 12. Qe2 a6 13. Rb3 d6 14. e5 Bf5
15. Rb7 dxe5 16. Rxe7 Nd7 17. Ne4 Nb6 18. Nfd2 Rad8 19. Bb3 Qa5 20. d6 Nc8 21.
Nc4 Qb5 22. Nc3 Qb8 23. Rb1 e4 {} 24. Nxe4 Bxe4 25. Qxe4 Nxd6 26. Qd5 Nb5 27.
Qc6 Nd4 28. Qxc5 Nxb3 29. cxb3 Qxb3 30. Ree1 Qc3 31. Rbc1 Qd4 32. Qa5 Qa7 33.
g3 Bd4 34. Rc2 Rc8 35. Qd5 Qc5 36. Qb7 Bxf2+ 37. Rxf2 Qxc4 38. Ref1 Qc5 39.
Qxa6 Rc7 40. Qf6 Rd7 41. h4 Rd2 42. Kh2 Rxf2+ 43. Rxf2 Qc7 44. h5 Qc5 45. g4
Qc7+ 46. Kh3 Qd8 47. h6 Qxf6 48. Rxf6 Rd8 49. Ra6 Kf8 50. Ra7 Rd3+ 51. Kh4 Ke8
52. Kg5 Rd6 53. Kf4 Rd7 54. Ra8+ Ke7 55. Rh8 Rd4+ 56. Kf3 Kf6 57. Rxh7 Rd3+ 58.
Kg2 Rd2+ 59. Kg3 Rd3+ 60. Kg2 1/2-1/2

[Event "7th C. Schlechter Memorial"]
[Site "Vienna, AUSTRIA"]
[Date "1996.11.02"]
[Round "8"]
[White "Dirr, U."]
[Black "Palkovi, J."]
[Result "1/2-1/2"]
[WhiteElo "2260"]
[BlackElo "2460"]
[PlyCount "60"]

1. e4 d5 2. exd5 Nf6 3. d4 Nxd5 4. Nf3 g6 5. g3 Bg7 6. Bg2 O-O 7. O-O Nc6 8. c3
Nb6 9. Qe2 Bf5 10. Rd1 Qd7 11. Na3 Rad8 12. Be3 Bg4 13. d5 Nxd5 14. c4 Qf5 15.
cxd5 Ne5 16. Bf4 Nxf3+ 17. Bxf3 Bxf3 18. Qxf3 g5 19. Qh5 Bxb2 20. Nc4 Bxa1 21.
Rxa1 f6 22. Bxc7 Rd7 23. Ne3 Qg6 24. Qxg6+ hxg6 25. Ba5 Rc8 26. Bb4 Rdc7 27.
Kg2 Kf7 28. Rd1 Rc1 29. Rd2 Rd8 30. Ba3 Rc3 1/2-1/2

[Event "7th C. Schlechter Memorial"]
[Site "Vienna, AUSTRIA"]
[Date "1996.11.02"]
[Round "8"]
[White "Blatny, F."]
[Black "Miniboeck, G."]
[Result "0-1"]
[WhiteElo "2325"]
[BlackElo "2355"]
[PlyCount "124"]

1. e4 c5 2. Nc3 Nc6 3. g3 g6 4. Bg2 Bg7 5. d3 d6 6. Be3 e5 7. Qd2 Be6 8. f4
Nge7 9. fxe5 Nxe5 10. Bh6 O-O 11. Bxg7 Kxg7 12. Nge2 d5 13. Qf4 f6 14. exd5
Nxd5 15. Qe4 Nxc3 16. Qxb7+ Kh8 17. bxc3 Rb8 18. Qe4 Bf5 19. Qa4 Rb2 20. O-O
Qb6 21. Nf4 Bd7 22. Qa3 Rxc2 23. d4 Nc4 24. Qb3 Ne3 25. Qxb6 axb6 {} 26. Rf2
Rxf2 27. Kxf2 Nxg2 28. Nxg2 cxd4 29. cxd4 Ra8 30. Ne3 Kg7 31. Kf3 Kf7 32. h4 b5
33. d5 Ke7 34. Ke4 Kd6 35. a3 Ra4+ 36. Kd3 Ke5 37. Ra2 Ra6 38. Ra1 h5 39. Nc2
Bf5+ 40. Kc3 Bxc2 41. Kxc2 Kxd5 42. Kb3 Re6 43. Rd1+ Kc5 44. Rc1+ Kb6 45. Rc3
Re4 46. Rf3 f5 47. Rc3 Rg4 48. Rf3 Kc5 49. Kc3 Kd5 50. Kd3 Ke5 51. Ke2 f4 52.
gxf4+ Rxf4 53. Rb3 Rxh4 54. Rxb5+ Kf6 55. Rb6+ Kg5 56. Rb5+ Kh6 57. Rb4 Rh2+
58. Kd1 h4 59. a4 g5 60. Kc1 h3 61. Rb8 g4 62. Kb1 Re2 0-1

[Event "7th C. Schlechter Memorial"]
[Site "Vienna, AUSTRIA"]
[Date "1996.11.02"]
[Round "8"]
[White "Eisterer, H."]
[Black "Meszaros, G."]
[Result "1-0"]
[WhiteElo "2340"]
[BlackElo "2300"]
[PlyCount "97"]

1. c4 Nc6 2. g3 e5 3. Bg2 f5 4. Nc3 Nf6 5. e3 g6 6. Nge2 Bg7 7. d3 O-O 8. O-O
Kh8 9. Rb1 Ne7 10. f4 d6 11. b4 a5 12. b5 Rb8 13. Qa4 b6 14. Qc2 Be6 15. h3 Bg8
16. Na4 h6 17. Bb2 Nd7 18. Nac3 g5 19. Nd5 Rc8 20. e4 Nxd5 21. cxd5 Bh7 22.
fxe5 dxe5 23. d4 fxe4 24. dxe5 Nxe5 25. Bxe4 Bg8 26. Nd4 Rxf1+ 27. Rxf1 Bxd5
28. Nf5 Bxe4 29. Qxe4 Nf3+ 30. Qxf3 Bxb2 31. Nxh6 Qe7 32. Nf5 Qh7 33. Qb3 Bg7
34. Qe6 Rf8 35. Kg2 Rd8 36. Rf2 Qg8 37. Qg6 {} 37... Bd4 38. Qh5+ Qh7 39. Qxg5
Rg8 40. Qf4 Ba1 41. Re2 Rf8 42. g4 Bf6 43. Re6 Qg6 44. h4 Qh7 45. Rxf6 Rxf6 46.
Qe5 Qf7 47. g5 Qxa2+ 48. Kg3 Qb3+ 49. Ne3 1-0

[Event "7th C. Schlechter Memorial"]
[Site "Vienna, AUSTRIA"]
[Date "1996.11.02"]
[Round "8"]
[White "Bawart, M."]
[Black "Dueckstein, A."]
[Result "0-1"]
[WhiteElo "2255"]
[BlackElo "2305"]
[PlyCount "28"]

1. e4 e6 2. d4 d5 3. Nd2 Nf6 4. e5 Nfd7 5. Ngf3 c5 6. Bb5 Nc6 7. Bxc6 bxc6 8.
c3 Qb6 9. O-O cxd4 10. cxd4 Ba6 11. Re1 c5 12. Nb3 Be7 13. Be3 Rc8 14. Qc2 cxd4
0-1

[Event "7th C. Schlechter Memorial"]
[Site "Vienna, AUSTRIA"]
[Date "1996.11.02"]
[Round "8"]
[White "Neumeier, K."]
[Black "Roth, P."]
[Result "1-0"]
[WhiteElo "2280"]
[BlackElo "2295"]
[PlyCount "37"]

1. e4 e6 2. d4 d5 3. Nc3 Nf6 4. e5 Ne4 5. Nce2 f6 6. Nf4 c5 7. Qh5+ g6 8. Nxg6
Qa5+ 9. c3 hxg6 10. Qxh8 cxd4 11. exf6 dxc3 {} 12. b4 Qxb4 13. Bd3 Nc6 14. Nf3
Bd7 15. f7+ Kxf7 16. O-O b6 17. Ng5+ Nxg5 18. Bxg5 Ne7 19. Qf6+ 1-0

[Event "7th C. Schlechter Memorial"]
[Site "Vienna, AUSTRIA"]
[Date "1996.11.02"]
[Round "8"]
[White "Spindelboeck, G."]
[Black "Sader, M."]
[Result "0-1"]
[WhiteElo "2260"]
[BlackElo "2285"]
[PlyCount "108"]

1. Nf3 c5 2. c4 Nf6 3. g3 b6 4. Bg2 Bb7 5. O-O e6 6. Nc3 Be7 7. d4 cxd4 8. Nxd4
Bxg2 9. Kxg2 a6 10. e4 d6 11. b3 Qc7 12. Bb2 Nbd7 13. Qe2 Rc8 14. Rfd1 O-O 15.
Rac1 Rfe8 16. h3 Bf8 17. Qd2 Qb7 18. f3 Ne5 19. Kh2 Ng6 20. Qg2 h5 21. h4 Ne5
22. Kh1 g6 23. Re1 Nd3 24. Rcd1 Nxe1 25. Rxe1 e5 26. Nc2 b5 27. cxb5 axb5 28.
Nb4 Rc5 29. Re2 Rec8 30. Nbd5 Nxd5 31. Nxd5 Rxd5 32. exd5 Qxd5 33. Rd2 Qe6 34.
Kh2 d5 35. Qe2 Bb4 36. Rc2 Rxc2 37. Qxc2 d4 38. Qd3 Qd5 39. f4 exf4 40. gxf4
Bc5 41. Qxb5 Qf5 42. Qf1 Qc2+ 43. Qg2 Qf5 44. Qd2 d3 45. b4 Bd6 46. Bc1 Qg4 47.
b5 Qxh4+ 48. Kg2 Qg4+ 49. Kh2 Qe2+ 50. Kg3 Qe4 51. b6 g5 52. Qa5 Bxf4+ 53. Bxf4
Qxf4+ 54. Kg2 d2 0-1

[Event "7th C. Schlechter Memorial"]
[Site "Vienna, AUSTRIA"]
[Date "1996.11.02"]
[Round "8"]
[White "Grabher, H."]
[Black "Schumi, M."]
[Result "0-1"]
[WhiteElo "2275"]
[BlackElo "2245"]
[PlyCount "68"]

1. e4 c5 2. c3 Nf6 3. e5 Nd5 4. d4 cxd4 5. Nf3 e6 6. cxd4 b6 7. Nc3 Nxc3 8.
bxc3 Qc7 9. Bd2 Bb7 10. Bd3 d6 11. O-O Nd7 12. Ng5 dxe5 13. Qh5 g6 14. Qh3 Be7
15. f4 e4 16. Nxe4 f5 17. Ng5 Bxg5 18. fxg5 O-O 19. c4 e5 20. Bc3 exd4 21. Bxd4
Nc5 22. Bf6 Nd7 23. Bb2 Ne5 24. Be2 Rfe8 25. Qc3 Rac8 26. Rae1 Be4 27. Rc1 Qc5+
28. Kh1 Qa5 29. Qxa5 bxa5 30. Rfe1 Rcd8 31. c5 Nd3 32. Bxd3 Rxd3 33. Re2 Kf7
34. Kg1 Bc6 0-1

[Event "7th C. Schlechter Memorial"]
[Site "Vienna, AUSTRIA"]
[Date "1996.11.02"]
[Round "8"]
[White "Sandhu, M."]
[Black "Stoeckl, E."]
[Result "0-1"]
[WhiteElo "2130"]
[BlackElo "2090"]
[PlyCount "112"]

1. e4 e5 2. Nf3 Nc6 3. Bb5 Bc5 4. O-O Nd4 5. Nxd4 Bxd4 6. c3 Bb6 7. d4 c6 8.
Ba4 d6 9. Kh1 Nf6 10. Bg5 h6 11. Bxf6 Qxf6 12. dxe5 dxe5 13. Nd2 Be6 14. Bb3
Rd8 15. Qe2 O-O 16. Rad1 Rd7 17. f3 Rfd8 18. Bxe6 Qxe6 19. Nb3 a5 20. Rxd7 Qxd7
21. a4 Qd3 22. Qxd3 Rxd3 23. h4 h5 24. Kh2 Kf8 25. Kg3 Ke7 26. Re1 Bc7 27. Re2
b5 28. axb5 cxb5 29. Rd2 Rxd2 30. Nxd2 Bb6 31. Nb1 Bc5 32. f4 Bd6 33. f5 Kd7
34. Kf3 Bc5 35. Nd2 a4 36. Ke2 Be7 37. Nf3 Kd6 38. g3 f6 39. Nd2 Kc6 40. Kf3 b4
41. cxb4 Bxb4 42. Nf1 Bc5 43. Nd2 Bd4 44. Nc4 Kc5 45. Na3 Bxb2 46. Nc2 a3 47.
g4 a2 48. gxh5 a1=Q 49. Nxa1 Bxa1 50. Kg4 Kd4 51. h6 gxh6 52. Kh5 Kxe4 53. Kxh6
Kxf5 54. h5 e4 55. Kg7 Kg5 56. h6 f5+ 0-1

[Event "7th C. Schlechter Memorial"]
[Site "Vienna, AUSTRIA"]
[Date "1996.11.02"]
[Round "8"]
[White "Groetz, H."]
[Black "Denk, H."]
[Result "1-0"]
[WhiteElo "2280"]
[BlackElo "2255"]
[PlyCount "117"]

1. e4 e5 2. Nf3 Nf6 3. Nxe5 d6 4. Nf3 Nxe4 5. d4 d5 6. Bd3 Be7 7. c4 O-O 8. Nc3
Nxc3 9. bxc3 Nc6 10. Bf4 Be6 11. cxd5 Bxd5 12. O-O Bf6 13. Re1 g6 14. Nd2 Ne7
15. Ne4 Bxe4 16. Bxe4 c6 17. Rb1 Qd7 18. Qf3 Rfe8 19. Bd2 Bg7 20. h4 h5 21. Bg5
Nd5 22. a4 Re6 23. c4 Nf6 24. Bc2 Rxe1+ 25. Rxe1 Qxd4 26. Re7 Qa1+ 27. Qd1
Qxd1+ 28. Bxd1 Rd8 29. Bf3 Rd4 30. Rxb7 Rxc4 31. Rxa7 Ne4 32. Ra8+ Kh7 33. Be3
Nc3 34. a5 Nd5 35. Bg5 Bd4 36. Rc8 Ra4 37. Bd8 Ra1+ 38. Kh2 Bxf2 39. Bxd5 cxd5
40. Bf6 Bg1+ 41. Kh3 Ra3+ 42. g3 g5 43. hxg5 Rxa5 44. g4 Ra3+ 45. Kg2 hxg4 46.
Kxg1 Kg6 47. Rd8 Rd3 48. Kf2 g3+ 49. Ke2 g2 50. Kf2 Rd2+ 51. Kg1 Kf5 52. Rf8
Kg6 53. Rd8 Kf5 54. Rd7 d4 55. Rxf7 Kg4 56. g6 d3 57. Bc3 Rd1+ 58. Kxg2 d2 59.
Rd7 1-0

[Event "7th C. Schlechter Memorial"]
[Site "Vienna, AUSTRIA"]
[Date "1996.11.02"]
[Round "8"]
[White "Zoebisch, H."]
[Black "Danner, G."]
[Result "1/2-1/2"]
[WhiteElo "2245"]
[BlackElo "2375"]
[PlyCount "109"]

1. d4 g6 2. c4 f5 3. g3 Nf6 4. Bg2 Bg7 5. Nf3 O-O 6. O-O d6 7. Nc3 c6 8. d5 e5
9. dxe6 Bxe6 10. Qd3 Re8 11. Ng5 Na6 12. Nxe6 Rxe6 13. Be3 Ng4 14. Bf4 Qb6 15.
Rab1 Ne5 16. Bxe5 dxe5 {} 17. b4 e4 18. Qd7 Ree8 19. Na4 Qc7 20. Rfd1 Rac8 21.
Qxc7 Rxc7 22. c5 Rce7 23. e3 Nb8 24. Bf1 Nd7 25. Nb2 Bxb2 26. Rxb2 Ne5 27. Be2
g5 28. Rbd2 g4 29. Rd8 Kg7 30. Rxe8 Rxe8 31. Rd6 Re7 32. Kf1 Rd7 33. Rxd7+ Nxd7
34. Ke1 a5 35. a3 axb4 36. axb4 b6 37. cxb6 Nxb6 38. Kd2 Nd5 39. b5 cxb5 40.
Bxb5 Kf6 41. Bf1 Ne7 42. h4 gxh3 43. Bxh3 Kg5 44. Ke2 Ng6 45. f3 exf3+ 46. Kxf3
Ne5+ 47. Ke2 Kf6 48. Kf2 Nf7 49. g4 Ng5 50. Kg3 Nxh3 51. Kxh3 fxg4+ 52. Kxg4
Ke5 53. Kg5 Ke4 54. Kh6 Kxe3 {} 55. Kxh7 $3 1/2-1/2

[Event "7th C. Schlechter Memorial"]
[Site "Vienna, AUSTRIA"]
[Date "1996.11.02"]
[Round "8"]
[White "Stuhlik, M."]
[Black "Schwab, R."]
[Result "0-1"]
[WhiteElo "2215"]
[BlackElo "2265"]
[PlyCount "40"]

1. Nf3 c6 2. g3 g6 3. Bg2 Bg7 4. O-O e5 5. d4 e4 6. Ne1 d5 7. f3 f5 8. fxe4
dxe4 9. e3 Nf6 10. c4 h5 11. Bh1 h4 12. gxh4 Rxh4 13. Ng2 Rh6 14. h4 Nbd7 15.
Nc3 Nh5 16. Ne2 Bf6 17. Qe1 Ng7 18. Rf4 Ne6 19. d5 Nxf4 20. Nexf4 Ne5 0-1

[Event "7th C. Schlechter Memorial"]
[Site "Vienna, AUSTRIA"]
[Date "1996.11.02"]
[Round "8"]
[White "Kuthan, A."]
[Black "Hangweyrer, R."]
[Result "1-0"]
[WhiteElo "2225"]
[BlackElo "2205"]
[PlyCount "111"]

1. e4 e6 2. d4 d5 3. Nd2 Nf6 4. e5 Nfd7 5. Bd3 c5 6. c3 Nc6 7. Ne2 cxd4 8. cxd4
f6 9. exf6 Nxf6 10. Nf3 Bd6 11. O-O Qc7 12. Nc3 a6 13. Bg5 O-O 14. Bh4 Nh5 15.
Rc1 g6 16. Be2 Nf4 17. Bg3 Qg7 18. Re1 Bd7 19. Na4 Bb4 20. Nc3 Rae8 21. Bf1 Nh5
22. Be5 Nxe5 23. Nxe5 Bc8 24. a3 Bd6 25. g3 Nf6 26. Bh3 Qh6 27. Kg2 Nd7 28. Ng4
Qg7 29. Re2 h5 30. Ne3 g5 31. Kg1 g4 32. Bf1 Nf6 33. Ng2 Nh7 34. Re3 Ng5 35.
Nh4 Bd7 36. Qd3 Rf6 37. Rc2 Ref8 38. Bg2 Qf7 39. Qd2 Kh8 40. Qe2 b5 41. Nd1 a5
42. Kh1 b4 43. Qa6 Qe7 44. Bxd5 bxa3 45. bxa3 Ba4 46. Bb3 Bxb3 47. Rxb3 Nh3 48.
Rb7 Qd8 49. Qa7 Rh6 50. Rd7 Qb8 51. Qxb8 Bxb8 52. Rc5 e5 53. dxe5 Re6 54. Kg2
Ng5 55. Rxa5 Bxe5 56. Rxe5 1-0

[Event "7th C. Schlechter Memorial"]
[Site "Vienna, AUSTRIA"]
[Date "1996.11.02"]
[Round "8"]
[White "Prager, M."]
[Black "Vodep, O."]
[Result "1-0"]
[WhiteElo "2165"]
[BlackElo "2205"]
[PlyCount "57"]

1. e4 e6 2. d4 d5 3. exd5 exd5 4. Bd3 Nc6 5. c3 Bd6 6. Qf3 Nce7 7. Bg5 h6 8.
Bh4 Be6 9. Nd2 Qd7 10. h3 O-O-O 11. O-O-O g5 12. Bg3 g4 13. Qe2 Bxg3 14. fxg3
Qd6 15. Qf2 Ng6 16. Ne2 N8e7 17. Nb3 Rdf8 18. Rdf1 b6 19. Na1 gxh3 20. gxh3 h5
21. Nc2 h4 22. g4 f5 23. gxf5 Bxf5 24. Bxf5+ Rxf5 25. Qg2 Rhf8 26. Ne3 Nf4 27.
Nxf5 Nxe2+ 28. Qxe2 Nxf5 29. Qg4 1-0

[Event "7th C. Schlechter Memorial"]
[Site "Vienna, AUSTRIA"]
[Date "1996.11.02"]
[Round "8"]
[White "Havlicek, J."]
[Black "Weissel, G."]
[Result "1-0"]
[WhiteElo "2245"]
[BlackElo "2095"]
[PlyCount "79"]

1. e4 c5 2. Nf3 e6 3. d4 cxd4 4. Nxd4 a6 5. Nc3 Qc7 6. Bd3 Nf6 7. Be3 Nc6 8.
O-O Ne5 9. Be2 Bc5 10. Kh1 d6 11. f4 Ng6 12. Bf3 O-O 13. Qe1 {} 13... Nxf4 14.
Ndb5 axb5 15. Bxf4 Qb6 16. Bxd6 Bxd6 17. e5 Bxe5 18. Qxe5 b4 19. Ne4 Nxe4 20.
Bxe4 Ra5 21. Qg3 Qd4 22. Bd3 f5 23. b3 e5 24. Rad1 Qb2 25. Qh4 Be6 26. Qxb4
Qxa2 27. Bc4 Bxc4 28. Qxc4+ Kh8 29. Rxf5 Raa8 30. Rxe5 Rad8 31. Rde1 Qb2 32.
Qc7 h6 33. h3 Rc8 34. Qxb7 Qxc2 35. R5e3 Rb8 36. Qd5 Rfd8 37. Qf3 Rf8 38. Qg3
Qb2 39. Rf3 Rxf3 40. Qxb8+ 1-0

[Event "7th C. Schlechter Memorial"]
[Site "Vienna, AUSTRIA"]
[Date "1996.11.02"]
[Round "8"]
[White "Todor, R."]
[Black "Stanka, W."]
[Result "0-1"]
[WhiteElo "2120"]
[BlackElo "2220"]
[PlyCount "70"]

1. e4 c6 2. c4 d5 3. exd5 cxd5 4. cxd5 Nf6 5. Nc3 Nxd5 6. Nf3 e6 7. Bc4 Be7 8.
O-O O-O 9. d4 Nc6 10. Re1 Bf6 11. Ne4 Qb6 12. Nxf6+ Nxf6 13. Bg5 Nd5 14. Bd3 {
} 14... Qxb2 15. Ne5 Nxd4 16. Rb1 Qa3 17. Bxh7+ Kxh7 18. Qxd4 f6 19. Rb3 Qa5
20. Bd2 Qxa2 21. Rh3+ Kg8 22. Ng6 Re8 23. Rh8+ Kf7 24. Rxe8 Kxe8 25. Bb4 Kf7
26. Nh8+ Kg8 27. Ng6 a5 28. Ne7+ Kf7 29. Ra1 Qb3 30. Nxd5 axb4 31. Nb6 Rxa1+
32. Qxa1 Qc3 33. Qd1 b3 34. Qh5+ Ke7 35. h4 Qe1+ 0-1

[Event "7th C. Schlechter Memorial"]
[Site "Vienna, AUSTRIA"]
[Date "1996.11.02"]
[Round "8"]
[White "Koller, H."]
[Black "Steinert, M."]
[Result "1-0"]
[WhiteElo "2205"]
[BlackElo "2120"]
[PlyCount "73"]

1. Nf3 d5 2. e3 Nf6 3. c4 g6 4. Nc3 Bg7 5. Qb3 dxc4 6. Bxc4 O-O 7. d4 Nc6 8.
Be2 a5 9. O-O Nb4 10. e4 c6 11. a3 Be6 12. Bc4 Bxc4 13. Qxc4 Na6 14. a4 Nb4 15.
Rd1 Rc8 16. Bf4 Nd7 17. Rac1 Qe8 18. Be3 e5 19. dxe5 Nxe5 20. Nxe5 Qxe5 21. Bd4
Qf4 22. Bc5 b5 23. axb5 cxb5 24. Qxb5 {} 24... Rxc5 25. Qxc5 Nd3 26. Ne2 Qxe4
27. Qc2 Rd8 28. Ng3 Qd4 29. Ra1 Bf8 30. Rxa5 Qb6 31. Ra4 Nxf2 32. Rxd8 Nh3+ 33.
Kf1 Qg1+ 34. Ke2 Qf2+ 35. Kd3 Nf4+ 36. Rxf4 Qxf4 37. Qc5 1-0